000 00541nam a22001817a 4500
003 BD-ChCU
005 20251217115130.0
008 251217b bg ||||| |||| 00| 0 ben d
040 _cBD-ChCU
082 _a551.7 STE (4)
100 _aStokes , W. Lee.
_918260
245 _aEssentials of earth history :
_ban introduction to historical geology ,
_cW. Lee , Stokes.
250 _a4th ed.
260 _aNew Jersey :
_bPrentice - hall ,
_cC 1982
300 _axiv , 577p
650 0 _aGeology , Stratigraphic.
_918262
942 _2ddc
_cBK
_n0
999 _c110512
_d110512